[Event "TUN-chTB"]
[Site "Hammamet"]
[Date "2019.03.09"]
[Round "4.2"]
[White "Tamzali, Baccar"]
[Black "El Kout, Youssef"]
[Result "0-1"]
[WhiteElo "1915"]
[BlackElo "1569"]
[PlyCount "100"]
[EventDate "2019.02.09"]
[EventType "team-tourn"]
[EventRounds "11"]
[EventCountry "TUN"]
[SourceTitle "EXT 2021"]
[Source "ChessBase"]
[SourceDate "2020.10.23"]
[SourceVersion "1"]
[SourceVersionDate "2020.10.23"]
[SourceQuality "1"]

1. d4 Nf6 2. Bf4 d5 3. e3 c6 4. c3 a5 5. Bd3 Na6 6. Nd2 Nc7 7. h3 Ne6 8. Bh2 Ng5 9. Ngf3 Nge4 10. Qc2 Nxd2 11. Nxd2 g6 12. 0-0 Bg7 13. c4 0-0 14. a3 a4 15. Be5 Ne8 16. Bh2 Nd6 17. cxd5 cxd5 18. Rac1 Bd7 19. Bxd6 exd6 20. Qc7 Bc6 21. Qxd8 Rfxd8 22. Nb1 Re8 23. Nc3 Ra5 24. Na2 Bb5 25. Rfd1 f5 26. g3 Bh6 27. Rc2 Bxd3 28. Rxd3 Rb5 29. Nb4 Bg5 30. Rdc3 Rd8 31. Rc7 Bf6 32. R2c3 g5 33. Rc8 Kf7 34. R8c7+ Be7 35. Kf1 Ke6 36. Ke2 h5 37. Kd2 Rd7 38. Kc2 Bd8 39. Rc8 Ba5 40. Rh8 h4 41. gxh4 gxh4 42. Rxh4 Rg7 43. Rc8 Bxb4 44. axb4 Rxb4 45. Rh6+ Kd7 46. Rf8 Kc6 47. Rxf5 Rc7 48. h4 Kb5+ 49. Kb1 a3 50. Rxd5+ Ka4 0-1

[Event "Monastir op"]
[Site "Monastir"]
[Date "2018.09.05"]
[Round "5"]
[White "Meftahi, Houssem"]
[Black "Tamzali, Baccar"]
[Result "1/2-1/2"]
[WhiteElo "2123"]
[BlackElo "1901"]
[PlyCount "47"]
[EventDate "2018.09.02"]
[EventType "swiss"]
[EventRounds "9"]
[EventCountry "TUN"]
[SourceTitle "EXT 2019"]
[Source "ChessBase"]
[SourceDate "2018.10.10"]
[SourceVersion "1"]
[SourceVersionDate "2018.10.10"]
[SourceQuality "1"]

1. e4 e5 2. Nf3 Nf6 3. Nxe5 d6 4. Nf3 Nxe4 5. Nc3 Nxc3 6. dxc3 Be7 7. Be3 Nc6 8. Qd2 Be6 9. Bb5 0-0 10. Bxc6 bxc6 11. 0-0 Bf6 12. Bd4 c5 13. Bxf6 Qxf6 14. Rfe1 Rae8 15. Re3 Qd8 16. b3 Bd7 17. Rae1 Rxe3 18. Rxe3 Re8 19. h3 h6 20. Nh2 Rxe3 21. Qxe3 Qe8 22. Nf1 Qxe3 23. Nxe3 Kf8 24. Kf1 1/2-1/2

[Event "Monastir Moknine op-B"]
[Site "Monastir"]
[Date "2017.09.10"]
[Round "8"]
[White "Tamzali, Baccar"]
[Black "Elnaami, Hashem Ak"]
[Result "1-0"]
[WhiteElo "1860"]
[BlackElo "1929"]
[PlyCount "81"]
[EventDate "2017.09.05"]
[EventType "swiss"]
[EventRounds "9"]
[EventCountry "TUN"]
[SourceTitle "EXT 2019"]
[Source "ChessBase"]
[SourceDate "2018.10.10"]
[SourceVersion "1"]
[SourceVersionDate "2018.10.10"]
[SourceQuality "1"]

1. d4 d5 2. Bf4 e6 3. e3 Bd6 4. Bg3 Nf6 5. Nd2 c5 6. c3 Nc6 7. Ngf3 b6 8. Bb5 Bb7 9. Qa4 Qc7 10. Bxd6 Qxd6 11. Ne5 Rc8 12. Qxa7 Qc7 13. dxc5 bxc5 14. Nxc6 Bxc6 15. Qxc5 Qb7 16. a4 Bxb5 17. Qxb5+ Qxb5 18. axb5 Nd7 19. Ke2 0-0 20. Ra7 Ne5 21. Rha1 Rb8 22. R1a5 Rfc8 23. f4 Nc4 24. Nxc4 dxc4 25. R7a6 g6 26. Rc6 Rxc6 27. bxc6 Rxb2+ 28. Kf3 Rb8 29. Ke4 Rc8 30. Rc5 Kf8 31. Ke5 Ke7 32. c7 f6+ 33. Kd4 Kd7 34. Rxc4 Rxc7 35. Rxc7+ Kxc7 36. Kc5 g5 37. fxg5 fxg5 38. e4 g4 39. e5 h6 40. g3 h5 41. c4 1-0

[Event "Africa-ch U20"]
[Site "Hammamet"]
[Date "2012.12.29"]
[Round "7"]
[White "Maalaoui, Achraf"]
[Black "Tamzali, Baccar"]
[Result "1/2-1/2"]
[WhiteElo "1863"]
[BlackElo "1890"]
[PlyCount "42"]
[EventDate "2012.12.24"]
[EventType "swiss"]
[EventRounds "9"]
[EventCountry "TUN"]
[SourceTitle "CBM 152 Extra"]
[Source "ChessBase"]
[SourceDate "2013.02.25"]
[SourceVersion "1"]
[SourceVersionDate "2013.02.25"]
[SourceQuality "1"]

1. e4 c5 2. c3 Nf6 3. e5 Nd5 4. d4 cxd4 5. cxd4 Nc6 6. Nf3 d6 7. Bc4 Nb6 8. Bb5 dxe5 9. Nxe5 Bd7 10. Bxc6 Bxc6 11. Nxc6 bxc6 12. Nc3 e6 13. Be3 Be7 14. 0-0 0-0 15. Qg4 Nd5 16. Rac1 Rc8 17. Nxd5 cxd5 18. Rxc8 Qxc8 19. Qe2 Qd7 20. Rc1 Rc8 21. Rxc8+ Qxc8 1/2-1/2

[Event "Africa-ch U20"]
[Site "Hammamet"]
[Date "2012.12.26"]
[Round "4"]
[White "Tamzali, Baccar"]
[Black "Al Sori, Mohamed"]
[Result "0-1"]
[WhiteElo "1890"]
[BlackElo "1748"]
[PlyCount "78"]
[EventDate "2012.12.24"]
[EventType "swiss"]
[EventRounds "9"]
[EventCountry "TUN"]
[SourceTitle "CBM 152 Extra"]
[Source "ChessBase"]
[SourceDate "2013.02.25"]
[SourceVersion "1"]
[SourceVersionDate "2013.02.25"]
[SourceQuality "1"]

1. d4 Nf6 2. Nf3 e6 3. c4 Be7 4. Nc3 d5 5. e3 0-0 6. Bd3 b6 7. 0-0 Bb7 8. b3 c5 9. Bb2 Nc6 10. Rc1 dxc4 11. bxc4 Rc8 12. Ne2 Nb4 13. Bb1 Bxf3 14. gxf3 Qc7 15. a3 Nc6 16. d5 exd5 17. cxd5 Ne5 18. f4 Ng6 19. Qd2 Qd7 20. Bxf6 Bxf6 21. Ng3 Nh4 22. Qd3 g6 23. f5 Nf3+ 24. Kh1 Ne5 25. Qe4 Rfe8 26. Qg2 Bg7 27. Ne4 Rcd8 28. f4 Qxd5 29. fxe5 Qxe5 30. f6 Bf8 31. Ng5 Bh6 32. Nxf7 Kxf7 33. Ba2+ Kf8 34. Qb7 Qe4+ 35. Qxe4 Rxe4 36. Rcd1 Rxd1 37. Rxd1 Bxe3 38. f7 Bg5 39. Rd7 Re1+ 0-1

[Event "Algiers Ameyar Memorial-A 11th"]
[Site "Algiers"]
[Date "2012.11.19"]
[Round "6"]
[White "Tamzali, Baccar"]
[Black "Nassr, Ali"]
[Result "0-1"]
[WhiteElo "1895"]
[BlackElo "2056"]
[PlyCount "46"]
[EventDate "2012.11.16"]
[EventType "swiss"]
[EventRounds "9"]
[EventCountry "ALG"]
[SourceTitle "CBM 151 Extra"]
[Source "ChessBase"]
[SourceDate "2012.12.18"]
[SourceVersion "1"]
[SourceVersionDate "2012.12.18"]
[SourceQuality "1"]

1. d4 Nf6 2. Nf3 e6 3. c4 b6 4. e3 Bb7 5. Bd3 c5 6. Nc3 cxd4 7. exd4 d6 8. Bg5 Be7 9. 0-0 0-0 10. Rc1 Nbd7 11. Qe2 h6 12. Bh4 Nh5 13. Bg3 Nxg3 14. hxg3 Nf6 15. b3 d5 16. Rfd1 Rc8 17. Ne5 Bb4 18. f3 dxc4 19. Bxc4 Bxc3 20. Rxc3 b5 21. Nxf7 Rxf7 22. Bxe6 Rxc3 23. Qxb5 Bd5 0-1